[Event "Mediterranean op 7th"]
[Site "Rijeka"]
[Date "2014.11.12"]
[Round "6"]
[White "Beljan, Mladen"]
[Black "Jereb, Lana"]
[Result "0-1"]
[WhiteElo "1800"]
[BlackElo "1319"]
[PlyCount "38"]
[EventDate "2014.11.08"]
[EventType "swiss"]
[EventRounds "9"]
[EventCountry "CRO"]
[SourceTitle "CBM 163 Extra"]
[Source "ChessBase"]
[SourceDate "2014.12.23"]
[SourceVersion "1"]
[SourceVersionDate "2014.12.23"]
[SourceQuality "1"]

1. e4 e6 2. c4 d5 3. cxd5 exd5 4. Qa4+ Nc6 5. Bb5 Nge7 6. d3 h6 7. Nf3 Bd7 8. Nc3 a6 9. Bxc6 Bxc6 10. Qc2 dxe4 11. dxe4 Ng6 12. 0-0 Bc5 13. Bf4 Nxf4 14. Rad1 Qe7 15. Nd4 Bxd4 16. Rxd4 0-0 17. g3 Ne6 18. Rd2 Ng5 19. Rfd1 Nf3+ 0-1